000 00698nam a2200217 a 4500
001 000025180
005 20240313073817.0
008 100916s2004 dr 000 0 spa d
020 _a9993429163
040 _aDO-SdBNP
_bspa
_cBNPHU
082 _a070.4
_bC697c 2004
100 1 _aCollado, Lipe,
_d1947-
_979819
245 1 0 _aCómo redactar :
_bLa crónica noticiosa /
_cLipe Collado.
250 _a2a. ed.
260 _aSanto Domingo :
_bEditora Collado,
_c2004.
300 _a40 p. ;
_c21 cm.
504 _aBibliografía : p. 40
505 2 _aCrónica ambiental --Crónica en suspenso -- 8 Puntos comunes con el cuento clásico.
650 4 _aPeriodismo
_xArte de escribir
_927
049 _aBNPD
999 _c24673
_d24673